000 00826nam a2200193Ia 4500
003 IN-BaIIA
008 211028s9999 xx s 000 0 eng d
020 _a978-1-107-03382-5 (Print)
022 _a1743-9213 (Print)
022 _a1743-9221 (Online)
040 _cIIA Library
100 _aHaghighipour, Nader, ed.
_933848
245 0 _aFormation, Detection, and Characterization of Extrasolar Habitable Planets
_h[eBook]
260 _aCambridge
_bCambridge University Press
_c2014
300 _aOnline resource
490 _aIAU Symposium; no. 293
856 _uhttps://www.cambridge.org/core/journals/proceedings-of-the-international-astronomical-union/issue/8D8E48A1ACA99044B9DDD0066B7A0631
_yClick Here to Access eBook
942 _cEB
999 _c22003
_d22003